000 01785nam a2200541 i 4500
001 36949
003 KOSZ 005
005 20210118115617.0
008 980410s1998 pl a f f |001 0 pol
015 _aUWD 1998/3930
020 _a8301103205
035 _a991003537309705066
035 _a(PL-WaBN)b10948405-48omnis_nlop
035 _ab10948405
035 _a(OCoLC)749211216
035 _a(PL)b0000001094840
035 _a(EXLNZ-48OMNIS_NETWORK)9910143004705606
040 _aWA N
_cWA N
_dKOSZ 005/HR
046 _k1998
080 _a60
080 _a579.6
080 _a663/664
080 _a577
080 _a(075.8)
100 1 _aChmiel, Aleksander
_eAutor
245 1 0 _aBiotechnologia :
_bpodstawy mikrobiologiczne i biochemiczne /
_cAleksander Chmiel ; [rozdz. 9 napisany przy współudz. Andrzeja Płucienniczaka].
250 _a[Wyd. 3].
260 _aWarszawa :
_bWydawnictwo Naukowe PWN,
_c1998.
300 _a365, [3] s. :
_brys., wykr. ;
_c24 cm.
336 _aTekst
_btxt
_2rdacontent
337 _aBez urządzenia pośredniczącego
_bn
_2rdamedia
338 _aWolumin
_bnc
_2rdacarrier
380 _aKsiążki
380 _aPublikacje dydaktyczne
385 _mPoziom nauczania
_aSzkoły wyższe
388 _a1901-2000
388 _a1989-2000
504 _aBibliogr. s. 348-353. - Indeks.
650 7 _aBiotechnologia
_2DBN
650 7 _aBiotransformacje
655 7 _aPodręczniki akademickie
_2DBN
658 _aInżynieria i technika
700 1 _aPłucienniczak, Andrzej
_eAutor
710 2 _aWydawnictwo Naukowe PWN
_4pbl
856 _uhttp://koha.tu.koszalin.pl/cgi-bin/koha/opac-detail.pl?biblionumber=36949
_yKatalog online BPK
942 _2UKD
_cKS
999 _c36949
_d36949